00453nam a22001697a 450000500170000001000150001702000260003203500140005803700090007208200140008110000180009524500400011325000060015326000340015927000700019330000200026320260702103136.0 aENG-148959 a9789392210716c595.00 aEN-132491 bDBAD a954.9221 aSalik, Siddiq aWitness to Surrender/cSiddiq Salik a1 aChandigarhbThe Browserc2024 bChandigarhaSCO 14-15, Sector 8-Ce160009mservice@thebrowser.org a307p.c22cm(pb)